| LEADER 00000nam 2200000uu 4500 |
| 001 13399119106 |
| 003 ULIBM |
| 008 171011s2004||||th 000 0 tha d |
| 020 ^a9749222466
|
| 082 0 ^aJ^bM478S
|
| 100 0 ^aMocan, Jesse Leon.
|
| 245 00 ^aScooby-Doo and you : a collect the clues my stery the case of the mad mermaid ตามรอยปริสนากับสคูบีดู ตอนคดีเงือกใต้สมุทร/^cby Jesse Leon Mocan.
|
| 250 ^a1 st ed.
|
| 260 ^abangkok :^bnation,^c2004
|
| 300 ^a64 p. :^bill. ;^c21 cm.
|
| 650 0 ^aScooby-Doo (Fictitious character)^xJuvenile films.
|
| 650 0 ^aDogs^xJuvenile films.
|
| 650 0 ^aCircus^xJuvenile films.
|
| 999 ^aจริญญา ศิลธรรม
|
หนังสือดีน่าอ่าน

“ดั่งดวงแก้ว ส่องสว่าง ทางสายงาม”
จัดทำขึ้นเพื่อเฉลิมพระเกียรติ สมเด็จพระเทพรัตนราชสุดา ฯ สยามบรมราชกุมารี
เนื่องในโอกาสมหามงคลเฉลิมพระชนมพรรษา ๕ รอบ ๒ เมษายน ๒๕๕๘
โดยหนังสือเล่มนี้ได้รวบรวม ๖๐ พระอัจฉริยภาพของสมเด็จพระเทพ ฯ
ผู้อ่านจะได้รับแรงบันดาลใจให้พากเพียรเรียนรู้และขยันอดทนทำการงาน
ตามรอยเบื้องพระยุคลบาท เพราะพระองค์ทรงเป็นแบบอย่างอันดีเยี่ยมในทุกด้าน
ทั้งในความใฝ่รู้ใฝ่เรียน คุณธรรมจริยธรรม พระวิริยอุตสาหะในการทรงงาน
และอื่นๆอีกมากมาย ล้วนสามารถสร้างแรงบันดาลใจให้แก่เด็กและเยาวชน
อีกทั้งประชาชนทั่วไป ให้พากเพียรเรียนรู้และขยันอดทนทำการงานตามรอยพระยุคลบาท
เพื่อฝึกฝนตนเองให้เป็นคนดีคนเก่งของครอบครัวและสังคมต่อไป